000 00830cam a22002653a 4500
001 4985
003 PGUSA
005 20140828083112.0
008 040101s2004||||xxu|||||s|||||000 1 eng d
040 _aPGUSA
_beng
042 _adc
050 4 _aPZ
100 1 _aEmerson, Alice B.
245 1 0 _aRuth Fielding of the Red Mill; Or, Jasper Parloe's Secret
_h[electronic resource] /
_cAlice B. Emerson
260 _bProject Gutenberg,
_c2004
506 _aPublic domain in the USA.
516 _aElectronic text
653 _aMystery and detective stories
653 _aFarm life -- Juvenile fiction
653 _aFielding, Ruth (Fictitious character) -- Juvenile fiction
653 _aFriendship -- Juvenile fiction
830 0 _aProject Gutenberg
_v4985
856 4 0 _uhttp://www.gutenberg.org/ebooks/4985
942 _cEB
999 _c234314
_d234314